| 000 | 00731cab a22002175a 4500 | ||
|---|---|---|---|
| 001 | L135811 | ||
| 008 | 061212e20061202xxk f 000 0 eng d | ||
| 035 | _a(Sirsi) u135811 | ||
| 041 | 0 | _aeng | |
| 100 | 1 | _aSwain, Jeremy | |
| 245 | 0 | 0 | _aCan you keep a secret? |
| 260 | _c2006 | ||
| 490 | 0 |
_aEstates Gazette _v(0648) 02 December 2006, 226 (1) |
|
| 520 | _aExplains the kinds of exposure to which a property company can be subject under the Freedom of Information Act 2000. | ||
| 650 | _aFREEDOM OF INFORMATION ACT 2000 | ||
| 651 | 4 |
_aUnited Kingdom _y |
|
| 690 | _aMANAGEMENT-BUSINESS MANAGEMENT-INFORMATION MANAGEMENT-BUSINESS COMMUNICATION MANAGEMENT | ||
| 700 | 1 | _aRivera, Anita | |
| 700 | 1 | _aKelly, Simon | |
| 942 | _n0 | ||
| 999 |
_c78007 _d78007 |
||